|
|
|
|
| LEADER |
00000nam0a2200000 4500 |
| 001 |
122112 |
| 005 |
20231101215725.0 |
| 035 |
|
|
|a (RuTPU)RU\TPU\book\132235
|
| 090 |
|
|
|a 122112
|
| 100 |
|
|
|a 20070926d1975 m y0rusy50 ca
|
| 101 |
0 |
|
|a rus
|
| 102 |
|
|
|a RU
|
| 105 |
|
|
|a a j 001zy
|
| 200 |
1 |
|
|a Практикум по физической химии
|e учебное пособие для вузов
|f А. Я. Шаталов, И. К. Маршаков
|
| 205 |
|
|
|a 2-е изд., перераб. и доп.
|
| 210 |
|
|
|a Москва
|c Высшая школа
|d 1975
|
| 215 |
|
|
|a 288 с.
|c ил.
|
| 320 |
|
|
|a Списки литературы в конце глав.
|
| 606 |
1 |
|
|a Физическая химия
|2 stltpush
|3 (RuTPU)RU\TPU\subj\67669
|9 83390
|
| 610 |
1 |
|
|a электролиты
|
| 610 |
1 |
|
|a электропроводность
|
| 610 |
1 |
|
|a электролиз
|
| 610 |
1 |
|
|a гальванические элементы
|
| 610 |
1 |
|
|a гальванические цепи
|
| 610 |
1 |
|
|a потенциометрия
|
| 610 |
1 |
|
|a электрохимическая кинетика
|
| 610 |
1 |
|
|a анодное растворение
|
| 610 |
1 |
|
|a электрохимическая коррозия
|
| 610 |
1 |
|
|a практикумы
|
| 610 |
1 |
|
|a учебные пособия
|
| 675 |
|
|
|a 544(076.5)
|v 3
|
| 700 |
|
1 |
|a Шаталов
|b А. Я.
|g Анатолий Яковлевич
|
| 701 |
|
1 |
|a Маршаков
|b И. К.
|g Игорь Кириллович
|
| 801 |
|
1 |
|a RU
|b 63413507
|c 20070926
|g PSBO
|
| 801 |
|
2 |
|a RU
|b 63413507
|c 20130529
|g PSBO
|
| 942 |
|
|
|c BK
|